[Event "Titled Tuesday intern op 22nd Nov Early"]
[Site "Chess.com INT"]
[Date "2022.11.22"]
[Round "1"]
[White "Malyi, Viacheslav"]
[Black "Rosh, Jain"]
[Result "1-0"]
[WhiteElo "2391"]
[BlackElo "2333"]
[PlyCount "49"]
[EventDate "2022.11.22"]
[EventType "swiss (blitz)"]
[EventRounds "11"]
[EventCountry "USA"]
[SourceTitle "CBM 211 Extra"]
[Source "ChessBase"]
[SourceDate "2023.01.31"]
[SourceVersion "1"]
[SourceVersionDate "2023.01.31"]
[SourceQuality "1"]

1. e4 c5 2. Nf3 d6 3. d4 cxd4 4. Nxd4 Nf6 5. Nc3 a6 6. Rg1 e5 7. Nb3 Be7 8. g4 Be6 9. g5 Nfd7 10. Be3 Nc6 11. Qd2 Nb6 12. Nd5 Bxd5 13. exd5 Nb8 14. Na5 Qc7 15. 0-0-0 N8d7 16. Kb1 Rc8 17. h4 Nc5 18. Rg4 Qd7 19. Be2 Nca4 20. Rb4 Qc7 21. h5 Nc5 22. Bg4 Rb8 23. Be2 Nxd5 24. Qxd5 Qxa5 25. Rg4 1-0

[Event "Titled Tuesday intern op 25th Oct Early"]
[Site "Chess.com INT"]
[Date "2022.10.25"]
[Round "1"]
[White "Hartikainen, Jarmo"]
[Black "Malyi, Viacheslav"]
[Result "0-1"]
[WhiteElo "2133"]
[BlackElo "2391"]
[PlyCount "70"]
[EventDate "2022.10.25"]
[EventType "swiss (blitz)"]
[EventRounds "11"]
[EventCountry "USA"]
[SourceTitle "EXT 2024"]
[Source "ChessBase"]
[SourceDate "2023.10.10"]
[SourceVersion "1"]
[SourceVersionDate "2023.10.10"]
[SourceQuality "1"]

1. e4 e5 2. Nf3 Nc6 3. Bc4 Bc5 4. c3 Nf6 5. d4 exd4 6. b4 Bb6 7. e5 d5 8. exf6 dxc4 9. Qe2+ Be6 10. b5 d3 11. Qe4 Na5 12. fxg7 Rg8 13. Bg5 Qd5 14. Nbd2 Rxg7 15. h4 h6 16. Bf6 Rxg2 17. Rf1 Qxe4+ 18. Nxe4 c6 19. bxc6 Nxc6 20. 0-0-0 Kd7 21. Bd4 Nxd4 22. cxd4 Rd8 23. Rg1 Rxg1 24. Rxg1 Kc8 25. Rg7 Bxd4 26. Nxd4 Rxd4 27. f3 b5 28. Rh7 b4 29. Rxh6 c3 30. Rxe6 fxe6 31. h5 Rd5 32. Nf6 Rf5 33. Ne4 Rxh5 34. Nd6+ Kb8 35. Nf7 Rh1# 0-1